Ako oceniť podnik
Faktory pôsobiace na trhovú hodnotu podniku. Metódy používaní pri oceňovaní podniku. Určenie účtovnej hodnoty podniku. Substančná hodnota podniku. Uplatňovanie výnosovej metódy pri oceňovaní. Iné metódy používané pri oceňovaní - metóda priemernej hodnoty, metóda nadzisku, metóda porovnávania, subjek...
Salvato in:
| Autore principale: | |
|---|---|
| Natura: | Capitolo di libro |
| Lingua: | slovacco |
| Soggetti: | |
| Tags: |
Nessun Tag, puoi essere il primo ad aggiungerne!!
|
MARC
| LEADER | 00000naa a2200000 4500 | ||
|---|---|---|---|
| 001 | r020239 | ||
| 005 | 20230809082528.4 | ||
| 041 | 0 | |a slo | |
| 044 | |a SK | ||
| 245 | 1 | 0 | |a Ako oceniť podnik |c Karol Vlachynský |
| 520 | |a Faktory pôsobiace na trhovú hodnotu podniku. Metódy používaní pri oceňovaní podniku. Určenie účtovnej hodnoty podniku. Substančná hodnota podniku. Uplatňovanie výnosovej metódy pri oceňovaní. Iné metódy používané pri oceňovaní - metóda priemernej hodnoty, metóda nadzisku, metóda porovnávania, subjektívna metóda ocenenia. | ||
| 610 | 2 | 0 | |a oceňovanie |
| 610 | 2 | 0 | |a podnik |
| 610 | 2 | 0 | |a majetok podnikový |
| 610 | 2 | 0 | |a metodika |
| 610 | 2 | 0 | |a hodnota nehnuteľností |
| 100 | 1 | |a Vlachynský, Karol | |